Psicologia dell'eros /
Guardat en:
| Autor principal: | |
|---|---|
| Format: | Llibre |
| Idioma: | italià |
| Publicat: |
Milano :
Rizzoli,
1968
|
| Edició: | 3. ed |
| Matèries: | |
| Etiquetes: |
Sense etiquetes, Sigues el primer a etiquetar aquest registre!
|
MARC
| LEADER | 00000nam a22000007i 4500 | ||
|---|---|---|---|
| 001 | IT\ICCU\LO1\0616318 | ||
| 003 | ItRI | ||
| 005 | 20250825103911.0 | ||
| 008 | 020614s1968 it |||||| ||||| |||||c | ||
| 040 | |b ita |c ct | ||
| 041 | 7 | |a ita |2 ISO-639-2 | |
| 082 | |a 155.3 |2 14 | ||
| 100 | 1 | |a Kolosimo, Peter |0 IT\ICCU\CFIV\017383 |4 aut | |
| 240 | 1 | 0 | |a Psicologia dell'eros. |9 Kolosimo, Peter |
| 245 | 1 | 0 | |a Psicologia dell'eros / |c Peter Kolosimo. |
| 250 | |a 3. ed | ||
| 260 | |a Milano : |b Rizzoli, |c 1968 | ||
| 300 | |a 427 p. ; |c 22 cm. | ||
| 650 | 7 | |a Sesso | |
| 650 | 7 | |a Educazione sessuale | |
| 942 | |2 ddc |c BK | ||
| 952 | |0 0 |1 0 |2 ddc |4 0 |6 B_LPS03KOLPEPSI12 |7 0 |9 8611 |a MI |b MI |d 1987-07-22 |i 427 |l 0 |o B-LPS03-KOLPE-PSI12 |p CDOM427 |r 2025-07-17 21:50:00 |w 2025-07-17 |x ACQUISTO |y BK | ||
| 981 | 1 | |6 z01 |a i |b xxxe | |
| 982 | 1 | |6 z01 |a n | |
| 999 | |c 7164 |d 7164 | ||